2025-2026 NHL Hat Tricks - Statistics

General Stats
  • This quiz has been taken 120 times
    4 since last reset
  • The average score is 59 of 98
Answer Stats
Team Player Date % Correct
WSH Alex Ovechkin Nov 20 2025
100%
WSH Alex Ovechkin Mar 26 2026
100%
UTA Clayton Keller Apr 4 2026
100%
MTL Cole Caufield Jan 24 2026
100%
MTL Cole Caufield Mar 21 2026
100%
CHI Connor Bedard Oct 28 2025
100%
CHI Connor Bedard Nov 18 2025
100%
EDM Connor McDavid Dec 4 2025
100%
EDM Connor McDavid Jan 6 2026
100%
EDM Connor McDavid Apr 8 2026
100%
PIT Evgeni Malkin Apr 4 2026
100%
NSH Filip Forsberg Dec 15 2025
100%
NJD Jack Hughes Oct 21 2025
100%
NJD Jack Hughes Mar 7 2026
100%
MIN Kirill Kaprizov Apr 5 2026
100%
EDM Leon Draisaitl Dec 23 2025
100%
SJS Macklin Celebrini Oct 23 2025
100%
SJS Macklin Celebrini Nov 18 2025
100%
MIN Matt Boldy Feb 4 2026
100%
NYR Mika Zibanejad Jan 2 2026
100%
NYR Mika Zibanejad Jan 17 2026
100%
VGK Mitch Marner Apr 2 2026
100%
VGK Mitch Marner May 8 2026
100%
TBL Nikita Kucherov Mar 17 2026
100%
BUF Rasmus Dahlin Jan 27 2026
100%
CAR Seth Jarvis Nov 28 2025
100%
BUF Tage Thompson Jan 15 2026
100%
EDM Zach Hyman Dec 11 2025
100%
BUF Alex Tuch Jan 29 2026
67%
CAR Andrei Svechnikov Jan 17 2026
67%
NYI Bo Horvat Oct 16 2025
67%
VAN Brock Boeser Apr 1 2026
67%
ANA Cutter Gauthier Nov 4 2025
67%
TBL Darren Raddysh Jan 3 2026
67%
EDM Evan Bouchard Jan 24 2026
67%
TBL Jake Guentzel Nov 18 2025
67%
DAL Jason Robertson Nov 15 2025
67%
ANA John Carlson Apr 9 2026
67%
CBJ Kirill Marchenko Oct 11 2025
67%
WPG Kyle Connor Oct 9 2025
67%
CBJ Mason Marchment Jan 24 2026
67%
CAR Nikolaj Ehlers Jan 16 2026
67%
CAR Nikolaj Ehlers Mar 4 2026
67%
VGK Pavel Dorofeyev Oct 8 2025
67%
VGK Pavel Dorofeyev Apr 29 2026
67%
STL Robert Thomas Apr 5 2026
67%
STL Robert Thomas Apr 16 2026
67%
NSH Ryan O'Reilly Jan 16 2026
67%
NSH Steven Stamkos Dec 11 2025
67%
NSH Steven Stamkos Jan 22 2026
67%
NYR Taylor Raddysh Oct 23 2025
67%
DAL Wyatt Johnston Nov 30 2025
67%
MTL Alexandre Texier Jan 8 2026
33%
NYR Alexis Lafreniere Mar 10 2026
33%
LAK Alex Laferriere Dec 27 2025
33%
TBL Anthony Cirelli Apr 2 2026
33%
NYI Anthony Duclair Jan 6 2026
33%
TOR Auston Matthews Jan 1 2026
33%
ANA Beckett Sennecke Jan 25 2026
33%
COL Brock Nelson Jan 25 2026
33%
CBJ Charlie Coyle Jan 30 2026
33%
UTA Dylan Guenther Jan 1 2026
33%
STL Dylan Holloway Feb 26 2026
33%
DET Dylan Larkin Apr 9 2026
33%
NYR Gabriel Perreault Apr 4 2026
33%
BUF Jack Quinn Mar 10 2026
33%
MTL Juraj Slafkovsky Apr 19 2026
33%
PIT Justin Brazeau Dec 28 2025
33%
WSH Justin Sourdif Jan 5 2026
33%
VAN Kiefer Sherwood Oct 30 2025
33%
VAN Kiefer Sherwood Dec 19 2025
33%
UTA Logan Cooley Oct 23 2025
33%
UTA Logan Cooley Nov 24 2025
33%
BOS Marat Khusnutdinov Jan 10 2026
33%
MIN Marcus Foligno Jan 19 2026
33%
FLA Matthew Tkachuk Mar 6 2026
33%
NSH Matthew Wood Nov 10 2025
33%
EDM Mattias Ekholm Jan 26 2026
33%
EDM Matt Savoie Apr 16 2026
33%
DAL Mavrik Bourque Apr 13 2026
33%
ANA Mikael Granlund Jan 26 2026
33%
ANA Mikael Granlund Mar 26 2026
33%
BOS Morgan Geekie Apr 7 2026
33%
UTA Nick Schmaltz Oct 17 2025
33%
UTA Nick Schmaltz Feb 2 2026
33%
PHI Owen Tippett Jan 23 2026
33%
PHI Owen Tippett Mar 28 2026
33%
BOS Pavel Zacha Jan 10 2026
33%
BOS Pavel Zacha Mar 8 2026
33%
SJS Pavol Regenda Jan 3 2026
33%
NJD Simon Nemec Nov 12 2025
33%
PHI Travis Konecny Jan 28 2026
33%
CHI Tyler Bertuzzi Nov 5 2025
33%
CHI Tyler Bertuzzi Jan 4 2026
33%
COL Valeri Nichushkin Dec 31 2025
33%
COL Victor Olofsson Oct 28 2025
33%
BOS Viktor Arvidsson Mar 31 2026
33%
NYR Will Cuylle Apr 5 2026
33%
No matching quizzes found
Score Distribution
Percent of People with Each Score
Percentile by Number Answered
Your Score History
You have not taken this quiz since the last reset